000 00311nam a22001337a 4500
008 170216b xxu||||| |||| 00| 0 eng d
020 _a9780766803251
041 _aeng
080 _23ED
_a615
100 _a5
101 _aSHF
245 _aPRINCIOLES OF PHARMACOLOGY MEDICAL ASSISTING
_cRICE
942 _2udc
_cBK
999 _c5732
_d5732